Welcome to the Holygrace Academy Library

Please use search bar below to get started

SKATES (Record no. 3259)

MARC details
000 -LEADER
fixed length control field 00262nam a22001217a 4500
020 ## - INTERNATIONAL STANDARD BOOK NUMBER
ISBN 0-590-45716-0
082 ## - DEWEY DECIMAL CLASSIFICATION NUMBER
Classification number 823
Item number CAL/S
100 ## - MAIN ENTRY--AUTHOR NAME
Personal name CALMENSON, STEPHANIE
245 ## - TITLE STATEMENT
Title SKATES
260 ## - PUBLICATION, DISTRIBUTION, ETC. (IMPRINT)
Place of publication USA
Name of publisher SCHOLASTIC
650 ## - SUBJECT ADDED ENTRY--TOPICAL TERM
Topical Term ENGLISH SHORT STORY
Geographic subdivision USA
942 ## - ADDED ENTRY ELEMENTS (KOHA)
Koha item type Books
Holdings
Withdrawn status Lost status Collection code Home library Current library Shelving location Date acquired Source of acquisition Full call number Accession Number Koha item type
    Fiction Main Library Main Library SHELF 3- D- ENGLISH CHILDRENS LITERATURE &MYTHOLOGY 03/11/2012 PURCHASE 823 CAL/S 07240 Books